Movies Quiz

Random Movies Quiz
Score 0/64 Timer 12:00
0 Plays Today
% Correct
The Flintstones
92.2%
Rocky
88.5%
Top Gun
88.1%
The Little Mermaid
85.6%
Dodgeball
81.9%
Walk the Line
81.7%
Malcolm X
78.4%
Taxi Driver
77.8%
The Da Vinci Code
70.2%
Contact
69.5%
Collateral
68.3%
Arthur
64.2%
Gorillas in the Mist
61.5%
Charlie and the
Chocolate Factory
58.8%
The Devil's
Advocate
55.8%
The Postman
55.4%
Donnie Brasco
54.7%
Tango & Cash
52.9%
What's Eating
Gilbert Grape
52.3%
Road to Perdition
50.8%
The Beaver
49.2%
Clash of the Titans
42.4%
Maverick
41.6%
The Witches
of Eastwick
40.3%
Disturbia
39.9%
John Carter
39.1%
The Blob
37.7%
Bloodsport
36.8%
Mystery Men
33.1%
Mr. Brooks
31.9%
The Bucket List
31.3%
Forbidden Planet
29.6%
% Correct
Star Trek:
First Contact
29.4%
The Texas Chain
Saw Massacre
29.4%
Bringing Out
the Dead
29%
The Flight of
the Phoenix
28.8%
Tears of the Sun
28.6%
Sleeper
27.8%
Once Upon a Time
in the West
23.9%
Wait Until Dark
23.5%
Re-Animator
23%
Kelly's Heroes
22.6%
The Cabin in
the Woods
22%
The Stepford Wives
21.2%
Contagion
20.8%
Reign Over Me
20%
Asterix & Obelix
vs. Caesar
19.1%
The Pianist
19.1%
Little Big Man
15.8%
The Taking of
Pelham 1 2 3
15%
Cloud Atlas
14.4%
Immortal Beloved
14.2%
Fido
13.8%
Insidious
12.8%
Repulsion
12.3%
THX 1138
12.1%
Django
11.9%
Romancing
the Stone
8.4%
A Bridge Too Far
7.2%
Night of the Creeps
7.2%
Mystery Train
3.9%
Seconds
2.9%
Altered States
2.3%
The Andromeda
Strain
1.8%
Remove Ads.
Support Sporcle.
Get the best of Sporcle when you Go Orange. This ad-free experience offers more features, more stats, and more fun while also helping to support Sporcle. Thank you for becoming a member.

You're not logged in!

Compare scores with friends on all Sporcle quizzes.
OR
Log In

Show Comments

Extras

Top Quizzes Today


Score Distribution

Your Account Isn't Verified!

In order to create a playlist on Sporcle, you need to verify the email address you used during registration. Go to your Sporcle Settings to finish the process.

Report this User

Report this user for behavior that violates our Community Guidelines.

Details: